000 00436 a2200157 4500
999 _c3558
_d3558
020 _a97811335784711
050 _aHD 70 JON 2013
100 _aJones, Gareth R
245 _aCase studies in strategic management /
_cGareth R Jones and Charles W.L Hill
250 _a10 th ed.
264 _aAustralia
_bCemgage
_c2013
300 _avii,314p.
500 _ainclude index
650 _aStrategic management
942 _2lcc
_cBK
_h70
_iJON
_kHD